000 00644nam a2200205Ia 4500
003 GCL
008 140319s9999 xx 000 0 ara d
040 _aGCL /
_cGCL
082 0 4 _a813.08
_bم ا
100 1 _aمحمد محمود الزيات
_vPreparer
_@
…عد
245 1 0 _aامر ادارى: قصص قصيرة /
_cمحمد محمود الزيات
260 _a[S.N] :
_bالمجلس الاعلى للثقافة ،
_c1992
300 _a167 ص
490 _a
650 0 4 _aالادب العربى
650 0 4 _aالعصر الحديث
650 0 4 _aالقصص العربية
650 0 4 _aالمجموعات
942 _2ddc
_cBK
999 _c56041
_d56041